Integrating wisdom of Yoga into casework practice: Evidence from the field (Record no. 527519)

000 -LEADER
fixed length control field 00469nam a22001337a 4500
008 - FIXED-LENGTH DATA ELEMENTS--GENERAL INFORMATION
fixed length control field 240903b ||||| |||| 00| 0 eng d
100 ## - MAIN ENTRY--PERSONAL NAME
Personal name Phukan, D., Kumar, B. and Kaushik, A.
245 ## - TITLE STATEMENT
Title Integrating wisdom of Yoga into casework practice: Evidence from the field
260 ## - PUBLICATION, DISTRIBUTION, ETC. (IMPRINT)
Place of publication, distribution, etc Madhya Pradesh Journal of Social Sciences
300 ## - PHYSICAL DESCRIPTION
Extent 27(1), Jun, 2022: p.13-28
773 ## - HOST ITEM ENTRY
Main entry heading Madhya Pradesh Journal of Social Sciences
906 ## - LOCAL DATA ELEMENT F, LDF (RLIN)
Subject DIP YOGA
942 ## - ADDED ENTRY ELEMENTS (KOHA)
Item type Articles
Holdings
Withdrawn status Lost status Source of classification or shelving scheme Damaged status Not for loan Permanent location Current location Date acquired Serial Enumeration / chronology Barcode Date last seen Koha item type
          Indian Institute of Public Administration Indian Institute of Public Administration 2024-09-03 27(1), Jun, 2022: p.13-28 AR132960 2024-09-03 Articles

Powered by Koha